Memòria del Departament de Cultura : maig 1980 - desembre 1982 / Secretaria General, Gabinet Tècnic maig 1980 - desembre 1982 / Secretaria General, Gabinet Tècnic
Descripción Física:
410 p. : amb map. ; 24 cm
Materias:
Catalunya. -- Departament de Cultura
MARC
| LEADER | 00000nam a2200000Ia 4500 | ||
|---|---|---|---|
| 001 | 1450 | ||
| 008 | 160829s1984 xx 000 0 cat d | ||
| 080 | |a M-3-243 | ||
| 110 | 2 | |a Catalunya. |b Departament de Cultura |9 52819 | |
| 245 | |a Memòria del Departament de Cultura : |b maig 1980 - desembre 1982 / Secretaria General, Gabinet Tècnic | ||
| 260 | |a Barcelona : |b Departament de Cultura de la Generalitat de Catalunya, |c 1984 | ||
| 300 | |a 410 p. : |b amb map. ; |c 24 cm | ||
| 610 | 2 | 0 | |a Catalunya. |b Departament de Cultura |9 52819 |
| 901 | |a Arxiu | ||
| 942 | |n 1 | ||
| 952 | |0 0 |1 0 |4 0 |6 M3243 |7 1 |9 42571 |a Arxiu |b Arxiu |d 2016-12-01 |l 0 |o M-3-243 |p 1450 |r 2016-12-01 00:00:00 |w 2016-12-01 |y ARXIU | ||
| 999 | |c 45076 |d 45076 | ||